000 00642nam a2200241 i 4500
001 C2-0331649
003 PPAK
005 20180728132012.0
008 150625s2015 my |||| ||||| | may d
020 _a9789674461775
040 _aPPAK
_beng
_cPPAK
_erda
082 0 4 _a899.233
_223
090 0 0 _a899.233
_bSYI
_dG
100 0 _aSyikin Zainal,
_eauthor
245 1 0 _aBukan taste aku
264 1 _aShah Alam, Selangor :
_bGrup Buku Karangkraf ,
_c2015
300 _a443 pages ;
_c18 cm
336 _2rdacontent
_atext
337 _2rdamedia
_aunmediated
338 _2rdacarrier
_avolume
650 1 0 _aMalay fiction.
942 _ddc
_cB
999 _c130363
_d130363